000 00613nam a2200193Ia 4500
003 GCL
008 140319s9999 xx 000 0 ara d
040 _aGCL /
_cGCL
082 0 4 _a210
_bح ب
100 1 _aحسن حنفى
245 1 0 _aبحوث فى علوم : اصول الدين - اصول الفقة - العقل والنقل /
_cحسن حنفى
300 _a125 ص
490 _aموسوعة الحضارة الاسلامية
_v0
650 0 4 _aالاسلام
650 0 4 _aاصول الفقه الاسلامى
650 0 4 _aاصول الدين
650 0 4 _aالعقل والنقل
942 _2ddc
_cBK
999 _c48134
_d48134